00972nam a22002177a 450000500170000000800410001702000180005804000410007604100080011724501270012526001380025230000360039049000370042665000410046365000690050470000290057370000330060270000450063570000340068070000400071420240815091533.0240815b ||||| |||| 00| 0 eng d a9789877191202 aCO-BoUCMcDavid MorenodDavid Moreno aspa13aLa fracturabpasado y presente de la búsqueda de equidad social en América LatinacLuis Bértola y Jeffrey Williamson aCiudad Autónoma de Buenos Aires, ArgentinabFondo de Cultura Económica, Banco Interamericano de Desarrollo (BID), INTAL LABc2016 a640 Paginas bmapas, gráficas0 aSección de obras de economía14aIgualdadxHistoriazAmérica Latina14aAmérica LatinaxCondiciones socialesxCondiciones económicas1 aBértola, Luis eeditor1 aWilliamson, Jeffrey eeditor1 aCastelluccio, María Inés etraductor1 aTerradillos, Nora etraductor1 aInés Ábalos, Maríaetraductor